| 000 | 00605nam a2200205 a 4500 | ||
|---|---|---|---|
| 001 | 000042692 | ||
| 005 | 20201002040330.0 | ||
| 008 | 140205s1984 sp 000 0 spa d | ||
| 020 | _a8432208213 | ||
| 040 |
_aDO-SdBNP _bspa _cBNPHU |
||
| 082 |
_axxx _bT821b, 1984 |
||
| 100 | 1 |
_aTrías, Eugenio _d1942- _920798 |
|
| 245 | 1 | 3 |
_aLo bello y lo siniestro / _cEugenio Trías. |
| 250 | _a2a ed. | ||
| 260 |
_aBarcelona : _bSeix Barral, _c1984. |
||
| 300 |
_a190 p. ; _c20 cm. |
||
| 490 | 1 | _aNuevo ensayo | |
| 500 | _aIncluye datos del autor en la solapa de la contracubierta | ||
| 830 | 0 |
_aNuevo ensayo _934119 |
|
| 999 |
_c42181 _d42181 |
||